01325nam a2200337 a 4500001001000000003000500010005001700015008004100032010001100073011001100084040000900095090001000104100003900114245012000153260004100273500006000314502009000374590004100464590004100505590004000546590004000586650004100626650004800667650004600715856007000761901000700831942001000838942000600848999001900854952011400873000115817CHAP20220624182031.0190709s2019 mx | |sm |||||||spa d a112278 a113250 cCHAP aTesis1 aOlvera Sosa, Alma Carolina913644313aEl efecto de la temperatura en la calidad de los productos cárnicosh[En línea]cpor Alma Carolina Olvera Sosa. aChapingo, Méx. :bEl autor,c2019. aPara ver el contenido del material haga clic en la liga aTesis (Ingeniero Agroindustrial) -- UACH. Departamento de Ingeniería Agroindustrial aBATCH-UPDb05c20190709lUCH01h1546 aE11695DGDb10c20190715lUCH01h1254 aE6337LMJb05c20190709lUCH01h1545 aE6337LMJb05c20190709lUCH01h154514aCarne de resxConservación.91919314aRefrigeraciónxNormas de calidad.913258414aTemperaturaxEfecto en alimentos.9112179 aFinding aiduhttp://10.13.5.2/tesis/sist115817.pdfzTeclea aquí aBK cTESIS n0 c112278d112278 00102local40718TESISaBCbBCd2019-07-09fTESISl0oTesisp115828-10r2019-12-31 00:00:00w2019-07-09yCD